000 00304nam a2200121Ia 4500
008 190216s9999||||xx |||||||||||||| ||und||
100 _aAravind N Das & Nilakanth V
245 0 _aAgarian Relations In India
260 _bManohar Book Dippo
_c1979
300 _a273p
650 _aEconomics
942 _cBK
999 _c9561
_d9561